000
00246nam a2200097Ia 4500
008
240331s9999 xx 000 0 und d
082
_b
THO
100
_a
Sri Lanka social work
245
0
_a
Thottach chiruvarnilayach chevayarukana kainool
942
_c
L
999
_c
3664
_d
3664